000 00475nam a22001217a 4500
082 _a200 THE
100 _aAneeqa Ramzan
_970466
245 _aTH-SOF-1495-Automated Glaucoma Detection using Retinal Layers Segmentation and Optic Cup to Disc Ratio in OCT Images
260 _aIslamabad
_bNUST college of EME
_c2017
650 _aMS-COMPUTER ENGINEERING-85 MSTHESIS
_969445
700 _aSupervisor Dr. Muhammad Usman Akram Co-Supervisor Dr. Arslan Shaukat
_970168
942 _cCF
999 _c577445
_d577445